000 nam a22 a 4500
999 _c3182
_d3182
003 AKMAL
005 20170519161410.0
008 170541s2010 my a e | 001 0 eng d
020 _a9789833831395 (pbk.) :
_cRM29.90
020 _a9833831397 (pbk.)
039 9 _a201303071041
_bfadzli
_c201110151415
_dmanoriah
_c201102161646
_dsuzilawati
_c201102161636
_damin
040 _aAKMAL
082 0 4 _a658.4092 STA
_222
090 0 0 _a658.4092
_bSTA
100 1 _aStark, Peter Barron
_96554
245 1 4 _aThe only leadership book you'll ever need :
_bhow to build organizations where employees love to come to work /
_cby Peter Barron Stark and Jane Flaherty
260 _aPetaling Jaya :
_bAdvantage Quest Publications,
_c2010
300 _a223p. :
_bill. ;
_c23cm.
500 _aIncludes index
650 1 0 _aLeadership
_9120
650 2 0 _aPersonnel management
_9602
700 1 _aFlaherty, Jane
_96555
942 _2ddc
_cBOOK